000 00190nam a2200085Ia 4500
008 120527s9999 xx 000 0 und d
100 _aReidy, et al
245 _aHuman Development
942 _cBK
999 _c27646
_d27646